| 000 | 00474nam a2200181Ia 4500 | ||
|---|---|---|---|
| 003 | OSt | ||
| 005 | 20260105123548.0 | ||
| 008 | 210210b1962 xxu||||| |||| 00| 0 eng d | ||
| 040 | _cAL | ||
| 041 | _aKannada | ||
| 082 | _a859/1719 | ||
| 100 |
_aVIRABHADRA _9156381 _dವೀರಭದ್ರ |
||
| 245 |
_aNanu madavi: _bನಾನು ಮಾಧವಿ |
||
| 260 |
_aMaisuru _bSharada Mandira _c1962 |
||
| 690 |
_aKannada Fiction _9156382 |
||
| 906 | _a022439 | ||
| 942 |
_2ddc _cBK |
||
| 999 |
_c146843 _d146843 |
||